Paroles Simple Plan - Jet Lag (Version avec Marie-Mai) - Statistiques

Statistiques générales
  • Ce quiz a été pris 15 fois
  • Le résultat moyen est 155 sur 338
Statistiques - réponses
Réponse % Correct
à
100%
je
100%
Je
100%
tu
100%
I
91%
Un
91%
Jet-lag
82%
jet-lag
82%
le
82%
me
82%
es
73%
et
73%
Et
73%
heure
73%
les
73%
ou
73%
Quand
73%
quand
73%
So
73%
so
73%
te
73%
est
64%
il
64%
m'endors
64%
Quelle
64%
réveilles
64%
compte
55%
good
55%
heures
55%
la
55%
55%
morning
55%
say
55%
sen
55%
si
55%
Si
55%
t'en
55%
to
55%
you
55%
autre
45%
avion
45%
it's
45%
j'en
45%
midnight
45%
on
45%
perds
45%
sommeil
45%
suis
45%
when
45%
Comme
36%
de
36%
est-il
36%
going
36%
in
36%
mon
36%
my
36%
repars
36%
retour
36%
sans
36%
s'y
36%
the
36%
ton
36%
une
36%
vas
36%
alone
27%
C'est
27%
côtés
27%
crazy
27%
head
27%
j'attends
27%
j'me
27%
makin
27%
mes
27%
of
27%
out
27%
savais
27%
sens
27%
tes
27%
this
27%
toi
27%
veux
27%
bed
18%
dire
18%
encore
18%
faire
18%
heart
18%
is
18%
l'envers
18%
loin
18%
Mais
18%
pas
18%
perdue
18%
pourra
18%
rentre
18%
tard
18%
time
18%
vivait
18%
vivre
18%
zone's
18%
and
9%
And
9%
aurore
9%
back
9%
but
9%
cherche
9%
dans
9%
figure
9%
forts
9%
hour
9%
j'aimerais
9%
j'essaie
9%
l'ignorer
9%
même
9%
m'imagine
9%
miss
9%
n'es
9%
pensées
9%
plus
9%
qu'on
9%
reviendrai
9%
semaine
9%
sorte
9%
souffle
9%
t'attends
9%
toujours
9%
tryin
9%
Whoa
9%
hand
0%
holding
0%
turn
0%
were
0%
Aucun quiz correspondant
Distribution des résultats
% des personnes avec chaque résultat
Percentile par nombre de réponses
Votre historique - résultats
Vous n’avez pas pris ce quiz